<?xml version="1.0" encoding="UTF-8"?>
<collection xmlns="http://www.loc.gov/MARC21/slim">
 <record>
  <leader>08573nas a2200901   4500</leader>
  <controlfield tag="001">1/50517</controlfield>
  <controlfield tag="008">111103s19859999xxuwnzp       0   z0eng d</controlfield>
  <datafield tag="022" ind1=" " ind2=" ">
   <subfield code="a">8756-3037</subfield>
  </datafield>
  <datafield tag="035" ind1=" " ind2=" ">
   <subfield code="l">44597</subfield>
  </datafield>
  <datafield tag="040" ind1=" " ind2=" ">
   <subfield code="a">DLC</subfield>
   <subfield code="d">GR-PeUP</subfield>
  </datafield>
  <datafield tag="090" ind1=" " ind2=" ">
   <subfield code="a">Αλφαβητική σειρά</subfield>
  </datafield>
  <datafield tag="245" ind1="0" ind2="0">
   <subfield code="a">Natural gas week.</subfield>
  </datafield>
  <datafield tag="260" ind1=" " ind2=" ">
   <subfield code="a">[Washington, D.C.] :</subfield>
   <subfield code="b">The Oil Daily, Inc.,</subfield>
   <subfield code="c">c1985-</subfield>
  </datafield>
  <datafield tag="300" ind1=" " ind2=" ">
   <subfield code="a">τ. :</subfield>
   <subfield code="b">εικ. ;</subfield>
   <subfield code="c">28 εκ.</subfield>
  </datafield>
  <datafield tag="310" ind1=" " ind2=" ">
   <subfield code="a">Εβδομαδιαίο.</subfield>
  </datafield>
  <datafield tag="546" ind1=" " ind2=" ">
   <subfield code="a">Αγγλική.</subfield>
  </datafield>
  <datafield tag="650" ind1=" " ind2="4">
   <subfield code="a">Natural resources</subfield>
   <subfield code="x">Management</subfield>
   <subfield code="v">Periodicals.</subfield>
  </datafield>
  <datafield tag="650" ind1=" " ind2="4">
   <subfield code="a">Natural gas</subfield>
   <subfield code="v">-- Periodicals.</subfield>
  </datafield>
  <datafield tag="852" ind1=" " ind2=" ">
   <subfield code="a">INST</subfield>
   <subfield code="b">UNIPILB</subfield>
   <subfield code="c">SERIALS</subfield>
   <subfield code="e">20111103</subfield>
   <subfield code="h">Αλφαβητική σειρά</subfield>
   <subfield code="p">73238</subfield>
   <subfield code="q">73238</subfield>
   <subfield code="t">NOLOAN</subfield>
   <subfield code="v">vol.27;no.26:(Μήνας)June;(Ημέρα)27;(Έτος)2011</subfield>
   <subfield code="y">23</subfield>
  </datafield>
  <datafield tag="852" ind1=" " ind2=" ">
   <subfield code="a">INST</subfield>
   <subfield code="b">UNIPILB</subfield>
   <subfield code="c">SERIALS</subfield>
   <subfield code="e">20111103</subfield>
   <subfield code="h">Αλφαβητική σειρά</subfield>
   <subfield code="p">73239</subfield>
   <subfield code="q">73239</subfield>
   <subfield code="t">NOLOAN</subfield>
   <subfield code="v">vol.27;no.27:(Μήνας)July;(Ημέρα)4;(Έτος)2011</subfield>
   <subfield code="y">23</subfield>
  </datafield>
  <datafield tag="852" ind1=" " ind2=" ">
   <subfield code="a">INST</subfield>
   <subfield code="b">UNIPILB</subfield>
   <subfield code="c">SERIALS</subfield>
   <subfield code="e">20111103</subfield>
   <subfield code="h">Αλφαβητική σειρά</subfield>
   <subfield code="p">73240</subfield>
   <subfield code="q">73240</subfield>
   <subfield code="t">NOLOAN</subfield>
   <subfield code="v">vol.27;no.28:(Μήνας)July;(Ημέρα)11;(Έτος)2011</subfield>
   <subfield code="y">23</subfield>
  </datafield>
  <datafield tag="852" ind1=" " ind2=" ">
   <subfield code="a">INST</subfield>
   <subfield code="b">UNIPILB</subfield>
   <subfield code="c">SERIALS</subfield>
   <subfield code="e">20111103</subfield>
   <subfield code="h">Αλφαβητική σειρά</subfield>
   <subfield code="p">73241</subfield>
   <subfield code="q">73241</subfield>
   <subfield code="t">NOLOAN</subfield>
   <subfield code="v">vol.27;no.29:(Μήνας)July;(Ημέρα)18;(Έτος)2011</subfield>
   <subfield code="y">23</subfield>
  </datafield>
  <datafield tag="852" ind1=" " ind2=" ">
   <subfield code="a">INST</subfield>
   <subfield code="b">UNIPILB</subfield>
   <subfield code="c">SERIALS</subfield>
   <subfield code="e">20111103</subfield>
   <subfield code="h">Αλφαβητική σειρά</subfield>
   <subfield code="p">73242</subfield>
   <subfield code="q">73242</subfield>
   <subfield code="t">NOLOAN</subfield>
   <subfield code="v">vol.27;no.30:(Μήνας)July;(Ημέρα)25;(Έτος)2011</subfield>
   <subfield code="y">23</subfield>
  </datafield>
  <datafield tag="852" ind1=" " ind2=" ">
   <subfield code="a">INST</subfield>
   <subfield code="b">UNIPILB</subfield>
   <subfield code="c">SERIALS</subfield>
   <subfield code="e">20111103</subfield>
   <subfield code="h">Αλφαβητική σειρά</subfield>
   <subfield code="p">73243</subfield>
   <subfield code="q">73243</subfield>
   <subfield code="t">NOLOAN</subfield>
   <subfield code="v">vol.27;no.31:(Μήνας)August;(Ημέρα)1;(Έτος)2011</subfield>
   <subfield code="y">23</subfield>
  </datafield>
  <datafield tag="852" ind1=" " ind2=" ">
   <subfield code="a">INST</subfield>
   <subfield code="b">UNIPILB</subfield>
   <subfield code="c">SERIALS</subfield>
   <subfield code="e">20111103</subfield>
   <subfield code="h">Αλφαβητική σειρά</subfield>
   <subfield code="p">73244</subfield>
   <subfield code="q">73244</subfield>
   <subfield code="t">NOLOAN</subfield>
   <subfield code="v">vol.27;no.32:(Μήνας)August;(Ημέρα)8;(Έτος)2011</subfield>
   <subfield code="y">23</subfield>
  </datafield>
  <datafield tag="852" ind1=" " ind2=" ">
   <subfield code="a">INST</subfield>
   <subfield code="b">UNIPILB</subfield>
   <subfield code="c">SERIALS</subfield>
   <subfield code="e">20111103</subfield>
   <subfield code="h">Αλφαβητική σειρά</subfield>
   <subfield code="p">73245</subfield>
   <subfield code="q">73245</subfield>
   <subfield code="t">NOLOAN</subfield>
   <subfield code="v">vol.27;no.33:(Μήνας)August;(Ημέρα)15;(Έτος)2011</subfield>
   <subfield code="y">23</subfield>
  </datafield>
  <datafield tag="852" ind1=" " ind2=" ">
   <subfield code="a">INST</subfield>
   <subfield code="b">UNIPILB</subfield>
   <subfield code="c">SERIALS</subfield>
   <subfield code="e">20111103</subfield>
   <subfield code="h">Αλφαβητική σειρά</subfield>
   <subfield code="p">73246</subfield>
   <subfield code="q">73246</subfield>
   <subfield code="t">NOLOAN</subfield>
   <subfield code="v">vol.27;no.34:(Μήνας)August;(Ημέρα)22;(Έτος)2011</subfield>
   <subfield code="y">23</subfield>
  </datafield>
  <datafield tag="852" ind1=" " ind2=" ">
   <subfield code="a">INST</subfield>
   <subfield code="b">UNIPILB</subfield>
   <subfield code="c">SERIALS</subfield>
   <subfield code="e">20111103</subfield>
   <subfield code="h">Αλφαβητική σειρά</subfield>
   <subfield code="p">73247</subfield>
   <subfield code="q">73247</subfield>
   <subfield code="t">NOLOAN</subfield>
   <subfield code="v">vol.27;no.35:(Μήνας)August;(Ημέρα)29;(Έτος)2011</subfield>
   <subfield code="y">23</subfield>
  </datafield>
  <datafield tag="852" ind1=" " ind2=" ">
   <subfield code="a">INST</subfield>
   <subfield code="b">UNIPILB</subfield>
   <subfield code="c">SERIALS</subfield>
   <subfield code="e">20111103</subfield>
   <subfield code="h">Αλφαβητική σειρά</subfield>
   <subfield code="p">73248</subfield>
   <subfield code="q">73248</subfield>
   <subfield code="t">NOLOAN</subfield>
   <subfield code="v">vol.27;no.36:(Μήνας)September;(Ημέρα)5;(Έτος)2011</subfield>
   <subfield code="y">23</subfield>
  </datafield>
  <datafield tag="852" ind1=" " ind2=" ">
   <subfield code="a">INST</subfield>
   <subfield code="b">UNIPILB</subfield>
   <subfield code="c">SERIALS</subfield>
   <subfield code="e">20111103</subfield>
   <subfield code="h">Αλφαβητική σειρά</subfield>
   <subfield code="p">73249</subfield>
   <subfield code="q">73249</subfield>
   <subfield code="t">NOLOAN</subfield>
   <subfield code="v">vol.27;no.37:(Μήνας)September;(Ημέρα)12;(Έτος)2011</subfield>
   <subfield code="y">23</subfield>
  </datafield>
  <datafield tag="852" ind1=" " ind2=" ">
   <subfield code="a">INST</subfield>
   <subfield code="b">UNIPILB</subfield>
   <subfield code="c">SERIALS</subfield>
   <subfield code="e">20111103</subfield>
   <subfield code="h">Αλφαβητική σειρά</subfield>
   <subfield code="p">73250</subfield>
   <subfield code="q">73250</subfield>
   <subfield code="t">NOLOAN</subfield>
   <subfield code="v">vol.27;no.38:(Μήνας)September;(Ημέρα)19;(Έτος)2011</subfield>
   <subfield code="y">23</subfield>
  </datafield>
  <datafield tag="852" ind1=" " ind2=" ">
   <subfield code="a">INST</subfield>
   <subfield code="b">UNIPILB</subfield>
   <subfield code="c">SERIALS</subfield>
   <subfield code="e">20111103</subfield>
   <subfield code="h">Αλφαβητική σειρά</subfield>
   <subfield code="p">73251</subfield>
   <subfield code="q">73251</subfield>
   <subfield code="t">NOLOAN</subfield>
   <subfield code="v">vol.27;no.39:(Μήνας)September;(Ημέρα)26;(Έτος)2011</subfield>
   <subfield code="y">23</subfield>
  </datafield>
  <datafield tag="852" ind1=" " ind2=" ">
   <subfield code="a">INST</subfield>
   <subfield code="b">UNIPILB</subfield>
   <subfield code="c">SERIALS</subfield>
   <subfield code="e">20111103</subfield>
   <subfield code="h">Αλφαβητική σειρά</subfield>
   <subfield code="p">73252</subfield>
   <subfield code="q">73252</subfield>
   <subfield code="t">NOLOAN</subfield>
   <subfield code="v">vol.27;no.40:(Μήνας)October;(Ημέρα)3;(Έτος)2011</subfield>
   <subfield code="y">23</subfield>
  </datafield>
  <datafield tag="852" ind1=" " ind2=" ">
   <subfield code="a">INST</subfield>
   <subfield code="b">UNIPILB</subfield>
   <subfield code="c">SERIALS</subfield>
   <subfield code="e">20111103</subfield>
   <subfield code="h">Αλφαβητική σειρά</subfield>
   <subfield code="p">73253</subfield>
   <subfield code="q">73253</subfield>
   <subfield code="t">NOLOAN</subfield>
   <subfield code="v">vol.27;no.42:(Μήνας)October;(Ημέρα)17;(Έτος)2011</subfield>
   <subfield code="y">23</subfield>
  </datafield>
  <datafield tag="852" ind1=" " ind2=" ">
   <subfield code="a">INST</subfield>
   <subfield code="b">UNIPILB</subfield>
   <subfield code="c">SERIALS</subfield>
   <subfield code="e">20111110</subfield>
   <subfield code="h">Αλφαβητική σειρά</subfield>
   <subfield code="p">73427</subfield>
   <subfield code="q">73427</subfield>
   <subfield code="t">NOLOAN</subfield>
   <subfield code="v">vol.27;no.19:(Μήνας)May;(Ημέρα)9;(Έτος)2011</subfield>
   <subfield code="y">23</subfield>
  </datafield>
  <datafield tag="852" ind1=" " ind2=" ">
   <subfield code="a">INST</subfield>
   <subfield code="b">UNIPILB</subfield>
   <subfield code="c">SERIALS</subfield>
   <subfield code="e">20111110</subfield>
   <subfield code="h">Αλφαβητική σειρά</subfield>
   <subfield code="p">73428</subfield>
   <subfield code="q">73428</subfield>
   <subfield code="t">NOLOAN</subfield>
   <subfield code="v">vol.27;no.20:(Μήνας)May;(Ημέρα)16;(Έτος)2011</subfield>
   <subfield code="y">23</subfield>
  </datafield>
  <datafield tag="852" ind1=" " ind2=" ">
   <subfield code="a">INST</subfield>
   <subfield code="b">UNIPILB</subfield>
   <subfield code="c">SERIALS</subfield>
   <subfield code="e">20111110</subfield>
   <subfield code="h">Αλφαβητική σειρά</subfield>
   <subfield code="p">73429</subfield>
   <subfield code="q">73429</subfield>
   <subfield code="t">NOLOAN</subfield>
   <subfield code="v">vol.27;no.21:(Μήνας)May;(Ημέρα)23;(Έτος)2011</subfield>
   <subfield code="y">23</subfield>
  </datafield>
  <datafield tag="852" ind1=" " ind2=" ">
   <subfield code="a">INST</subfield>
   <subfield code="b">UNIPILB</subfield>
   <subfield code="c">SERIALS</subfield>
   <subfield code="e">20111110</subfield>
   <subfield code="h">Αλφαβητική σειρά</subfield>
   <subfield code="p">73430</subfield>
   <subfield code="q">73430</subfield>
   <subfield code="t">NOLOAN</subfield>
   <subfield code="v">vol.27;no.22:(Μήνας)May;(Ημέρα)30;(Έτος)2011</subfield>
   <subfield code="y">23</subfield>
  </datafield>
  <datafield tag="852" ind1=" " ind2=" ">
   <subfield code="a">INST</subfield>
   <subfield code="b">UNIPILB</subfield>
   <subfield code="c">SERIALS</subfield>
   <subfield code="e">20111110</subfield>
   <subfield code="h">Αλφαβητική σειρά</subfield>
   <subfield code="p">73431</subfield>
   <subfield code="q">73431</subfield>
   <subfield code="t">NOLOAN</subfield>
   <subfield code="v">vol.27;no.23:(Μήνας)June;(Ημέρα)6;(Έτος)2011</subfield>
   <subfield code="y">23</subfield>
  </datafield>
  <datafield tag="852" ind1=" " ind2=" ">
   <subfield code="a">INST</subfield>
   <subfield code="b">UNIPILB</subfield>
   <subfield code="c">SERIALS</subfield>
   <subfield code="e">20111110</subfield>
   <subfield code="h">Αλφαβητική σειρά</subfield>
   <subfield code="p">73432</subfield>
   <subfield code="q">73432</subfield>
   <subfield code="t">NOLOAN</subfield>
   <subfield code="v">vol.27;no.24:(Μήνας)June;(Ημέρα)13;(Έτος)2011</subfield>
   <subfield code="y">23</subfield>
  </datafield>
  <datafield tag="852" ind1=" " ind2=" ">
   <subfield code="a">INST</subfield>
   <subfield code="b">UNIPILB</subfield>
   <subfield code="c">SERIALS</subfield>
   <subfield code="e">20111110</subfield>
   <subfield code="h">Αλφαβητική σειρά</subfield>
   <subfield code="p">73433</subfield>
   <subfield code="q">73433</subfield>
   <subfield code="t">NOLOAN</subfield>
   <subfield code="v">vol.27;no.25:(Μήνας)June;(Ημέρα)20;(Έτος)2011</subfield>
   <subfield code="y">23</subfield>
  </datafield>
  <datafield tag="852" ind1=" " ind2=" ">
   <subfield code="a">INST</subfield>
   <subfield code="b">UNIPILB</subfield>
   <subfield code="c">SERIALS</subfield>
   <subfield code="e">20111124</subfield>
   <subfield code="h">Αλφαβητική σειρά</subfield>
   <subfield code="p">73503</subfield>
   <subfield code="q">73503</subfield>
   <subfield code="t">NOLOAN</subfield>
   <subfield code="v">vol.27;no.43:(Μήνας)October;(Ημέρα)24;(Έτος)2011</subfield>
   <subfield code="y">23</subfield>
  </datafield>
  <datafield tag="852" ind1=" " ind2=" ">
   <subfield code="a">INST</subfield>
   <subfield code="b">UNIPILB</subfield>
   <subfield code="c">SERIALS</subfield>
   <subfield code="e">20111124</subfield>
   <subfield code="h">Αλφαβητική σειρά</subfield>
   <subfield code="p">73504</subfield>
   <subfield code="q">73504</subfield>
   <subfield code="t">NOLOAN</subfield>
   <subfield code="v">vol.27 North American Share Revolution:</subfield>
   <subfield code="y">23</subfield>
  </datafield>
  <datafield tag="852" ind1=" " ind2=" ">
   <subfield code="a">INST</subfield>
   <subfield code="b">UNIPILB</subfield>
   <subfield code="c">SERIALS</subfield>
   <subfield code="e">20111128</subfield>
   <subfield code="h">Αλφαβητική σειρά</subfield>
   <subfield code="p">73614</subfield>
   <subfield code="q">73614</subfield>
   <subfield code="t">NOLOAN</subfield>
   <subfield code="v">vol.27;no.44:(Μήνας)October;(Ημέρα)31;(Έτος)2011</subfield>
   <subfield code="y">23</subfield>
  </datafield>
  <datafield tag="852" ind1=" " ind2=" ">
   <subfield code="a">INST</subfield>
   <subfield code="b">UNIPILB</subfield>
   <subfield code="c">SERIALS</subfield>
   <subfield code="e">20111128</subfield>
   <subfield code="h">Αλφαβητική σειρά</subfield>
   <subfield code="p">73615</subfield>
   <subfield code="q">73615</subfield>
   <subfield code="t">NOLOAN</subfield>
   <subfield code="v">vol.27;no.45:(Μήνας)November;(Ημέρα)7;(Έτος)2011</subfield>
   <subfield code="y">23</subfield>
  </datafield>
  <datafield tag="852" ind1=" " ind2=" ">
   <subfield code="a">INST</subfield>
   <subfield code="b">UNIPILB</subfield>
   <subfield code="c">SERIALS</subfield>
   <subfield code="e">20111129</subfield>
   <subfield code="h">Αλφαβητική σειρά</subfield>
   <subfield code="p">73627</subfield>
   <subfield code="q">73627</subfield>
   <subfield code="t">NOLOAN</subfield>
   <subfield code="v">vol.27;no.41:(Μήνας)October;(Ημέρα)10;(Έτος)2011</subfield>
   <subfield code="y">23</subfield>
  </datafield>
  <datafield tag="852" ind1=" " ind2=" ">
   <subfield code="a">INST</subfield>
   <subfield code="b">UNIPILB</subfield>
   <subfield code="c">SERIALS</subfield>
   <subfield code="e">20111213</subfield>
   <subfield code="h">Αλφαβητική σειρά</subfield>
   <subfield code="p">73855</subfield>
   <subfield code="q">73855</subfield>
   <subfield code="t">NOLOAN</subfield>
   <subfield code="v">vol.27;no.46:(Μήνας)November;(Ημέρα)14;(Έτος)2011</subfield>
   <subfield code="y">23</subfield>
  </datafield>
  <datafield tag="852" ind1=" " ind2=" ">
   <subfield code="a">INST</subfield>
   <subfield code="b">UNIPILB</subfield>
   <subfield code="c">SERIALS</subfield>
   <subfield code="e">20111213</subfield>
   <subfield code="h">Αλφαβητική σειρά</subfield>
   <subfield code="p">73856</subfield>
   <subfield code="q">73856</subfield>
   <subfield code="t">NOLOAN</subfield>
   <subfield code="v">vol.27;no.47:(Μήνας)November;(Ημέρα)21;(Έτος)2011</subfield>
   <subfield code="y">23</subfield>
  </datafield>
  <datafield tag="852" ind1=" " ind2=" ">
   <subfield code="a">INST</subfield>
   <subfield code="b">UNIPILB</subfield>
   <subfield code="c">SERIALS</subfield>
   <subfield code="e">20111213</subfield>
   <subfield code="h">Αλφαβητική σειρά</subfield>
   <subfield code="p">73857</subfield>
   <subfield code="q">73857</subfield>
   <subfield code="t">NOLOAN</subfield>
   <subfield code="v">vol.27;no.48:(Μήνας)November;(Ημέρα)28;(Έτος)2011</subfield>
   <subfield code="y">23</subfield>
  </datafield>
  <datafield tag="852" ind1=" " ind2=" ">
   <subfield code="a">INST</subfield>
   <subfield code="b">UNIPILB</subfield>
   <subfield code="c">SERIALS</subfield>
   <subfield code="e">20120116</subfield>
   <subfield code="h">Αλφαβητική σειρά</subfield>
   <subfield code="p">73945</subfield>
   <subfield code="q">73945</subfield>
   <subfield code="t">NOLOAN</subfield>
   <subfield code="v">vol.27;no.50:(Μήνας)December;(Ημέρα)12;(Έτος)2011</subfield>
   <subfield code="y">23</subfield>
  </datafield>
  <datafield tag="852" ind1=" " ind2=" ">
   <subfield code="a">INST</subfield>
   <subfield code="b">UNIPILB</subfield>
   <subfield code="c">SERIALS</subfield>
   <subfield code="e">20120116</subfield>
   <subfield code="h">Αλφαβητική σειρά</subfield>
   <subfield code="p">73946</subfield>
   <subfield code="q">73946</subfield>
   <subfield code="t">NOLOAN</subfield>
   <subfield code="v">vol.27;no.49:(Μήνας)December;(Ημέρα)5;(Έτος)2011</subfield>
   <subfield code="y">23</subfield>
  </datafield>
  <datafield tag="852" ind1=" " ind2=" ">
   <subfield code="a">INST</subfield>
   <subfield code="b">UNIPILB</subfield>
   <subfield code="c">SERIALS</subfield>
   <subfield code="e">20120124</subfield>
   <subfield code="h">Αλφαβητική σειρά</subfield>
   <subfield code="p">74197</subfield>
   <subfield code="q">74197</subfield>
   <subfield code="t">NOLOAN</subfield>
   <subfield code="v">vol.27;no.51:(Μήνας)December;(Ημέρα)19;(Έτος)2011</subfield>
   <subfield code="y">23</subfield>
  </datafield>
  <datafield tag="852" ind1=" " ind2=" ">
   <subfield code="a">INST</subfield>
   <subfield code="b">UNIPILB</subfield>
   <subfield code="c">SERIALS</subfield>
   <subfield code="e">20120124</subfield>
   <subfield code="h">Αλφαβητική σειρά</subfield>
   <subfield code="p">74198</subfield>
   <subfield code="q">74198</subfield>
   <subfield code="t">NOLOAN</subfield>
   <subfield code="v">vol.27;no.52:(Μήνας)December;(Ημέρα)26;(Έτος)2011</subfield>
   <subfield code="y">23</subfield>
  </datafield>
  <datafield tag="900" ind1=" " ind2=" ">
   <subfield code="a">Vol. 27 no. 53 (January 2, 2012)</subfield>
   <subfield code="b">Οφειλόμενο</subfield>
   <subfield code="c">30/03/2012</subfield>
  </datafield>
  <datafield tag="900" ind1=" " ind2=" ">
   <subfield code="a">Vol. 27 no. 1 (January 3, 2011)</subfield>
   <subfield code="b">Οφειλόμενο</subfield>
   <subfield code="c">01/12/2011</subfield>
  </datafield>
  <datafield tag="900" ind1=" " ind2=" ">
   <subfield code="a">Vol. 27 no. 2 (January 10, 2011)</subfield>
   <subfield code="b">Οφειλόμενο</subfield>
   <subfield code="c">01/12/2011</subfield>
  </datafield>
  <datafield tag="900" ind1=" " ind2=" ">
   <subfield code="a">Vol. 27 no. 3 (January 17, 2011)</subfield>
   <subfield code="b">Οφειλόμενο</subfield>
   <subfield code="c">01/12/2011</subfield>
  </datafield>
  <datafield tag="900" ind1=" " ind2=" ">
   <subfield code="a">Vol. 27 no. 4 (January 24, 2011)</subfield>
   <subfield code="b">Οφειλόμενο</subfield>
   <subfield code="c">01/12/2011</subfield>
  </datafield>
  <datafield tag="900" ind1=" " ind2=" ">
   <subfield code="a">Vol. 27 no. 5 (January 31, 2011)</subfield>
   <subfield code="b">Οφειλόμενο</subfield>
   <subfield code="c">01/12/2011</subfield>
  </datafield>
  <datafield tag="900" ind1=" " ind2=" ">
   <subfield code="a">Vol. 27 no. 6 (February 7, 2011)</subfield>
   <subfield code="b">Οφειλόμενο</subfield>
   <subfield code="c">01/12/2011</subfield>
  </datafield>
  <datafield tag="900" ind1=" " ind2=" ">
   <subfield code="a">Vol. 27 no. 7 (February 14, 2011)</subfield>
   <subfield code="b">Οφειλόμενο</subfield>
   <subfield code="c">01/12/2011</subfield>
  </datafield>
  <datafield tag="900" ind1=" " ind2=" ">
   <subfield code="a">Vol. 27 no. 8 (February 21, 2011)</subfield>
   <subfield code="b">Οφειλόμενο</subfield>
   <subfield code="c">01/12/2011</subfield>
  </datafield>
  <datafield tag="900" ind1=" " ind2=" ">
   <subfield code="a">Vol. 27 no. 9 (February 28, 2011)</subfield>
   <subfield code="b">Οφειλόμενο</subfield>
   <subfield code="c">01/12/2011</subfield>
  </datafield>
  <datafield tag="900" ind1=" " ind2=" ">
   <subfield code="a">Vol. 27 no. 10 (March 7, 2011)</subfield>
   <subfield code="b">Οφειλόμενο</subfield>
   <subfield code="c">01/12/2011</subfield>
  </datafield>
  <datafield tag="900" ind1=" " ind2=" ">
   <subfield code="a">Vol. 27 no. 11 (March 14, 2011)</subfield>
   <subfield code="b">Οφειλόμενο</subfield>
   <subfield code="c">01/12/2011</subfield>
  </datafield>
  <datafield tag="900" ind1=" " ind2=" ">
   <subfield code="a">Vol. 27 no. 12 (March 21, 2011)</subfield>
   <subfield code="b">Οφειλόμενο</subfield>
   <subfield code="c">01/12/2011</subfield>
  </datafield>
  <datafield tag="900" ind1=" " ind2=" ">
   <subfield code="a">Vol. 27 no. 13 (March 28, 2011)</subfield>
   <subfield code="b">Οφειλόμενο</subfield>
   <subfield code="c">01/12/2011</subfield>
  </datafield>
  <datafield tag="900" ind1=" " ind2=" ">
   <subfield code="a">Vol. 27 no. 14 (April 4, 2011)</subfield>
   <subfield code="b">Οφειλόμενο</subfield>
   <subfield code="c">01/12/2011</subfield>
  </datafield>
  <datafield tag="900" ind1=" " ind2=" ">
   <subfield code="a">Vol. 27 no. 15 (April 11, 2011)</subfield>
   <subfield code="b">Οφειλόμενο</subfield>
   <subfield code="c">01/12/2011</subfield>
  </datafield>
  <datafield tag="900" ind1=" " ind2=" ">
   <subfield code="a">Vol. 27 no. 16 (April 18, 2011)</subfield>
   <subfield code="b">Οφειλόμενο</subfield>
   <subfield code="c">01/12/2011</subfield>
  </datafield>
  <datafield tag="900" ind1=" " ind2=" ">
   <subfield code="a">Vol. 27 no. 17 (April 25, 2011)</subfield>
   <subfield code="b">Οφειλόμενο</subfield>
   <subfield code="c">01/12/2011</subfield>
  </datafield>
  <datafield tag="900" ind1=" " ind2=" ">
   <subfield code="a">Vol. 27 no. 18 (May 2, 2011)</subfield>
   <subfield code="b">Οφειλόμενο</subfield>
   <subfield code="c">01/12/2011</subfield>
  </datafield>
  <datafield tag="950" ind1=" " ind2=" ">
   <subfield code="a">03/01/2011</subfield>
   <subfield code="c">EBSCO</subfield>
   <subfield code="d">823</subfield>
  </datafield>
  <datafield tag="951" ind1=" " ind2=" ">
   <subfield code="a">Vol. 27 (November 7, 2011)  (North American Shale Revolution)</subfield>
   <subfield code="b">Supplements</subfield>
  </datafield>
  <datafield tag="951" ind1=" " ind2=" ">
   <subfield code="a">Vol. 27 no. 19 (May 9, 2011) - Vol. 27 no. 52 (December 26, 2011)</subfield>
   <subfield code="b">Main run</subfield>
  </datafield>
  <datafield tag="951" ind1=" " ind2=" ">
   <subfield code="a">Vol. 27 (October 24, 2011)  (North American Shale Revolution)</subfield>
   <subfield code="b">Supplements</subfield>
  </datafield>
  <datafield tag="951" ind1=" " ind2=" ">
   <subfield code="a">Vol. 27 (October 10, 2011)  (North American Shale Revolution)</subfield>
   <subfield code="b">Supplements</subfield>
  </datafield>
  <datafield tag="951" ind1=" " ind2=" ">
   <subfield code="a">Vol. 27 (December 19, 2011)  (North American Shale Revolution)</subfield>
   <subfield code="b">Supplements</subfield>
  </datafield>
 </record>
</collection>
